Statystyki dla Odpowiedź Zaczyna się na "Ż"

Kliknij tutaj aby rozwiązać quiz!

Ogólne statystyki

  • Ten quiz został rozwiązany 3,722 razy
    (2,603 od ostatniego zresetowania)
  • Średni wynik to 18 z 26

Statystyki odpowiedzi

Pytanie Odpowiedź % Correct
Jaką nazwę nosi roślinożerne zwierzę o długich nogach i małej głowie osadzonej na długiej szyi, żyjące w Afryce?Żyrafa
99%
Jakie zwierze znajduje się w logo Białowieskiego Parku Narodowego?Żubr
98%
Jakim terminem określa się dolną szczękę?Żuchwa
96%
Który pierwiastek chemiczny oznacza się symbolem "Fe"?Żelazo
96%
Jak nazywa się duży płat mocnej tkaniny, rozpinany na maszcie statku w taki sposób, aby dmący w niego wiatr napędzał statek?Żagiel
92%
Jaką nazwę nosi narząd, który znajduje się w brzuchu i w którym odbywa się częściowe trawienie pokarmów?Żołądek
90%
Nazwę, którego ptaka można kojarzyć z dźwigami budowlanymi?Żuraw
86%
Jaką nazwę nosi mały, jadowity wąż o płaskiej, sercowatej głowie?Żmija
86%
Jaką nazwę nosi narząd kłujący i wydzielający jad, wysuwający się z odwłoka niektórych owadów, służący do ataku lub obrony?Żądło
86%
Jakim terminem określa się okres koszenia i zbierania dojrzałego zboża?Żniwa
83%
Jak nazywa się nieduża, hermetycznie zamknięta bańka szklana, w której umieszczony jest drucik rozżarzający się pod wpływem prądu?Żarówka
81%
Jaką nazwę nosi chorobliwe rozszerzenie i wydłużenie żył, powstające najczęściej na łydkach?Żylak
81%
Jaką nazwę nosi łukowato wygięta kość biegnąca od kręgosłupa do klatki piersiowej?Żebro
80%
Jakim terminem określa się członka policji wojskowej?Żandarm
76%
Jaką nazwę nosi płynna, gorzka, żółtobrunatna wydzielina wątroby, niezbędna do trawienia tłuszczu?Żółć
76%
Jaką nazwę nosi gęsta, lepka i wonna wydzielina roślin iglastych?Żywica
73%
Jakim terminem określa się środowiskową odmianę danego języka?Żargon
54%
Jak brzmi potoczne sformułowanie Winstona Churchill'a granicy pomiędzy "wschodem" a "zachodem"?Żelazna kurtyna
52%
Jak określa się grupę zwierząt, które rodzą się po odbyciu rozwoju zarodkowego w organizmie matki?Żyworodne
40%
Jaki zawód można kojarzyć z częstą wizualizacją śmierci?Żniwiarz
39%
Jaką nazwę nosi element konstrukcyjny powstały przez połączenie betonu z wkładkami stalowymi?Żelazobeton
38%
Jak miał na nazwisko polski hetman dowodzący wojskami polskimi w bitwie pod Kłuszynem?Żółkiewski
36%
Jak brzmiał kryptonim Rady Pomocy Żydom?Żegota
35%
Jakim terminem określa się obszar urodzajnych ziem, powstały z osadów rzek przy ich ujściach do mórz?Żuławy
32%
Jaką nazwę nosi afrykańska papuga o szarym upierzeniu i czerwonym ogonie, umiejąca naśladować mowę ludzką?Żako
27%
Jaką nazwę noszą grudki spieczonego popiołu pozostające po wytopie rudy, używane do budowy dróg lub wyrobu cementu?Żużel
22%

Rozkład punktacji

Percentyl według liczby udzielonych odpowiedzi

Procent ludzi z każdym wynikiem

Twoja historia wyników

Nie rozwiązałeś tego quizu od ostatniego zresetowania